Structuring “Education – Migration – Labour Market” Chain

Táto štúdia sa zameriava na analýzu výskumného prostredia so súčasnými trendmi, medzerami a potenciálnymi smermi budúcich publikácií v oblasti vzdelávania, migrácie a trhu práce pri predchádzaní „úniku mozgov“ na Ukrajine počas vojny. Metóda výskumu je založená na analýze chronologického charakteru...

Ausführliche Beschreibung

Gespeichert in:
Bibliographische Detailangaben
1. Verfasser: Barvinok, V.Yu
Weitere Verfasser: Artyukhova, N.O, Marci, Anton, 1989-, Polishchuk, I.R, Vasylieva, T.A
Format: Buchkapitel
Sprache:Englisch
Schlagworte:
Tags: Tag hinzufügen
Keine Tags, Fügen Sie das erste Tag hinzu!

MARC

LEADER 00000naa a2200000 4500
001 0305358
005 20250121144111.6
041 0 |a eng 
044 |a UA 
245 1 0 |a Structuring “Education – Migration – Labour Market” Chain  |c V.Yu. Barvinok, N.O. Artyukhova, Anton Marci, I.R. Polishchuk, T.A. Vasylieva 
520 |a Táto štúdia sa zameriava na analýzu výskumného prostredia so súčasnými trendmi, medzerami a potenciálnymi smermi budúcich publikácií v oblasti vzdelávania, migrácie a trhu práce pri predchádzaní „úniku mozgov“ na Ukrajine počas vojny. Metóda výskumu je založená na analýze chronologického charakteru vzdelávacích, migračných a pracovných trhov a budovaní geografických máp prepojení a využívaní databáz Scopus a Web of Science v rámci softvéru VOSviewer. 
610 2 0 |a trh práce 
610 2 0 |a emigrácia 
610 2 0 |a vzdelávanie 
610 2 0 |a softvér 
100 1 |a Barvinok, V.Yu. 
700 1 |a Artyukhova, N.O. 
700 1 |a Marci, Anton, 1989- 
700 1 |a Polishchuk, I.R. 
700 1 |a Vasylieva, T.A.